000 00378nam a2200145Ia 4500
008 230917s9999||||xx |||||||||||||| ||und||
040 _e181497
_aMAIN
041 _aEnglish
082 _a658.3 R18H
100 _aRao, P Subha
245 0 _aHuman resource management: Text and cases
260 _aNew Delhi
_bHimalaya Publishing House
_c2010
300 _a417 p.
942 _cBK
999 _c151123
_d151123